000
00329nam a2200133Ia 4500
008
240624s9999 xx 000 0 und d
041
_a
eng
082
_a
823 TIF
100
_a
TIFFANY JOHN
245
_a
HARRY POTTER AND THE CURSED CHILD
260
_c
2016
_a
London
_b
Little Brown
300
_a
343 : p. : cm. ; 28
365
_c
RS
999
_c
28084
_d
28084